| 000 | 01059cam a2200277 i 4500 | ||
|---|---|---|---|
| 001 | 13389 | ||
| 005 | 20251017132211.0 | ||
| 008 | 790918s1979 miua b 000 0 eng | ||
| 010 | _a 79022149 | ||
| 020 | _a031041430X | ||
| 035 | _a1809304 | ||
| 040 |
_aDLC _cDLC _dDLC _dBSULIB |
||
| 050 | 0 | 0 |
_aBS511.2 _b.S86 |
| 082 | 0 | 0 |
_a220.7 _bSTO |
| 100 | 1 |
_aStott, John _914107 |
|
| 245 | 1 | 0 |
_aUnderstanding the Bible / _cby John Stott |
| 250 | _aRev ed. | ||
| 260 |
_aValley Forge, PA : _bScripture Union, _c1972. |
||
| 300 |
_aviii, 214 p. : _bmaps ; _c20 cm. |
||
| 504 | _aIncludes bibliographical references. | ||
| 505 | _aThe Purpose of the Bible The Land of the Bible The Story of the Bible (Old Testament ) The Story of the Bible ( New Testament) The Message of the Bible The Authority of the Bible The Interpretation of the Bible The Use of the Bible | ||
| 630 | 0 | 0 |
_aBible _vIntroductions. _925997 |
| 906 |
_a7 _bcbu _corignew _d1 _eocip _f19 _gy-gencatlg |
||
| 942 |
_2ddc _cBK |
||
| 999 |
_c13389 _d13389 |
||